De brujos y curanderos /

Kaydedildi:
Detaylı Bibliyografya
Yazar: Vargas Montero, Guadalupe
Materyal Türü: Metin
Konular:
Etiketler: Etiketle
Etiket eklenmemiş, İlk siz ekleyin!

MARC

LEADER 00000 a a2200000 04500
001 18795
003
040
100 |a Vargas Montero, Guadalupe  
245 |a De brujos y curanderos /  |c Guadalupe Vargas Montero 
650 |a ETNOGRAFIA  
650 |a MEDICOS  
650 |a POBLACION INDIGENA  
650 |a MEXICO  
773 |g volumen 2, número 4; páginas 127-147  
999 |c 32658  |d 32658